000 00268nam a22001217a 4500
008 180212b xxu||||| |||| 00| 0 eng d
041 _aeng
080 _a91
100 _a42
101 _aGJEO
245 _aLife in america the beautiful
_cDigest,R
942 _2udc
_cBK
999 _c42303
_d42303